The accession, coronation and marriage of Mary Tudor as related in four manuscripts of the Escorial / (Record no. 20500)

MARC details
000 -LEADER
campo de control de longitud fija 00580nam a2200157 i 4500
001 - NÚMERO DE CONTROL
campo de control 20500
003 - IDENTIFICADOR DE NÚMERO DE CONTROL
campo de control ES-MaACL
005 - FECHA Y HORA DE LA ÚLTIMA TRANSACCIÓN
campo de control 20230906152320.0
007 - CAMPO FIJO DE DESCRIPCIÓN FÍSICA--INFORMACIÓN GENERAL
campo de control de longitud fija t|
008 - DATOS DE LONGITUD FIJA--INFORMACIÓN GENERAL
campo de control de longitud fija 021113s1956 sp ||||1| eng d
245 04 - MENCIÓN DEL TÍTULO
Título The accession, coronation and marriage of Mary Tudor as related in four manuscripts of the Escorial /
Mención de responsabilidad, etc. translated and published by C.V. Malfatti.
260 ## - PUBLICACIÓN, DISTRIBUCIÓN, ETC.
Lugar de publicación, distribución, etc. Barcelona :
Nombre del editor, distribuidor, etc. [s.n.,
Fecha de publicación, distribución, etc. 1956] (
Fabricante Sociedad Alianza de Artes Gráficas)
300 ## - DESCRIPCIÓN FÍSICA
Extensión XVIII, 164 p., 1 lám. :
Otras características físicas il. ;
Dimensiones 26 cm.
700 1# - ENTRADA AGREGADA--NOMBRE PERSONAL
Nombre de persona Malfatti, C. V.
9 (RLIN) 75760
852 ## - LOCALIZACIÓN
Ubicación ES-MaACL
Número de control de estantería C-12810
Sublocalización o colección R.40191
Holdings
Estatus retirado Estado de pérdida Estado de daño No para préstamo Biblioteca de origen Biblioteca actual Ubicación en estantería Fecha de adquisición Fuente de adquisición Total de préstamos Signatura topográfica completa Código de barras Visto por última vez Precio de reemplazo Tipo de ítem Koha
        Biblioteca del Ateneo de Madrid Biblioteca del Ateneo de Madrid Sala Palomar 17/01/2008     C-12810 1021047 23/02/2023 23/02/2023 Libro impreso